Reality Show Judges Quiz Stats

 Plays Quiz Updated Jan 5, 2019

Support Sporcle.
Go Orange.
Score 0/15 Timer 03:00
1 Play Today
% Correct
The Voice
78.6%
America's Next Top Model
77.2%
America's Got Talent
71%
Dancing with the Stars
70.1%
Last Comic Standing
65.9%
Project Runway
63.8%
American Idol
63.5%
Britain's Got Talent
54.4%
% Correct
The Sing-Off
50.1%
America's Best Dance Crew
49.6%
Food Network Star
48.9%
Top Chef
46.8%
The X Factor
46.5%
Nashville Star
45.1%
Chopped
39.2%

You're not logged in!

Compare scores with friends on all Sporcle quizzes.
OR
Log In
Forgot?

From the Vault

'J' Blitz

by Flick

Note: Does not include the names of all the Duggar children.
Remove Ads.
Support Sporcle.
Get the best of Sporcle when you Go Orange. This ad-free experience offers more features, more stats, and more fun while also helping to support Sporcle. Thank you for becoming a member.

Show Comments

Extras

Top Quizzes Today


Score Distribution

Your Account Isn't Verified!

In order to create a playlist on Sporcle, you need to verify the email address you used during registration. Go to your Sporcle Settings to finish the process.

Report this User

Report this user for behavior that violates our Community Guidelines.

Details: